Loading...
| Fine Arts - Classical Music and Opera | 3 | 4 | 1 | 1 | 80 | 56 | 105.71 | 3 | 5 | 0.00 | 0.00 |
| History - US | 3 | 2 | 3 | 0 | 50 | 23 | 69.80 | 2 | 5 | 0.00 | 0.00 |
| Modern World | 2 | 0 | 0 | 0 | 30 | 40 | 54.00 | 1 | 2 | 0.00 | 0.00 |
| Fine Arts - Other | 1 | 2 | 1 | 1 | 30 | 78 | 109.33 | 1 | 1 | 0.00 | 0.00 |
| Geography | 1 | 1 | 0 | 1 | 25 | 38 | 91.50 | 0 | 1 | 0.00 | 0.00 |
| History - European | 0 | 1 | 0 | 0 | 10 | 113 | 113.00 | 1 | 1 | 0.00 | 0.00 |
| Fine Arts - Visual | 0 | 1 | 0 | 1 | 10 | 152 | 152.00 | 0 | 0 | 0.00 | 0.00 |
| Literature - World | 0 | 1 | 0 | 0 | 10 | 79 | 79.00 | 1 | 1 | 0.00 | 0.00 |
| Literature - American | 0 | 1 | 0 | 0 | 10 | 105 | 105.00 | 1 | 1 | 0.00 | 0.00 |
| Science - Physics | 0 | 1 | 0 | 0 | 10 | 111 | 111.00 | 0 | 0 | 0.00 | 0.00 |
| Social Science | 0 | 1 | 1 | 0 | 5 | 121 | 121.00 | 0 | 0 | 0.00 | 0.00 |
| History - World | 0 | 1 | 1 | 0 | 5 | 118 | 118.00 | 0 | 0 | 0.00 | 0.00 |
| Literature - British | 0 | 0 | 1 | 0 | -5 | 0.00 | 0 | 0 | 0.00 | 0.00 |